| 000 | 01248nam a2200313 i 4500 | ||
|---|---|---|---|
| 001 | 187668 | ||
| 003 | ES-MaACL | ||
| 005 | 20250823063131.0 | ||
| 008 | 180112s1923 sp |||| |dspa d | ||
| 080 | _a821.134.2-14"18" | ||
| 080 | _a821.134.2-12"18" | ||
| 100 | 1 |
_aEspronceda, José de, _d1808-1842 _947951 |
|
| 245 | 1 | 0 |
_aPoesías ; _by El estudiante de Salamanca / _cEspronceda ; edición y prólogo de J. Moreno Villa |
| 260 |
_aMadrid : _bLa Lectura, _c1923 |
||
| 300 |
_a343 páginas ; _c19 cm |
||
| 490 | 1 |
_aClásicos castellanos (La Lectura) ; _v47 _9226509 |
|
| 490 | 1 |
_aEspronceda. _pObras poéticas ; _vI _9225598 |
|
| 655 | 7 |
_aPoesías _2tgfbne _9176539 |
|
| 655 | 4 |
_aPoesías narrativas _9241987 |
|
| 700 | 1 |
_aEspronceda, José de, _d1808-1842. _tEl estudiante de Salamanca _9241986 |
|
| 700 | 1 |
_aMoreno Villa, José, _d1887-1955 _983443 _epbl _eaui |
|
| 740 | 3 | 2 | _aEl estudiante de Salamanca. |
| 830 | 0 |
_aClásicos castellanos (La Lectura) ; _v47 _9226509 |
|
| 830 | 0 |
_aEspronceda. _pObras poéticas ; _vI _9225598 |
|
| 852 |
_aES-MaACL _cDEPO2 _hDonat. herederos de la bibl. de Mª del Pilar Costa Palacín _jL-31840 |
||
| 942 |
_2udc _cMONOGRAFIA _n0 |
||
| 999 |
_c187668 _d187668 |
||